"Krzywo" przetłumaczone tytuły polskiej klasyki literatury - Statystyki

Ogólne statystyki
  • Ten quiz został rozwiązany 37 razy
  • Średni wynik to 17 z 26
Statystyki odpowiedzi
Tytuł "po angielsku" Tytuł oryginalny % Poprawnych
The Doll Lalka
100%
The Wedding Wesele
100%
With Fire And Sword Ogniem i Mieczem
93%
Mister Ted Pan Tadeusz
90%
Morality of Miss Dulska Moralność Pani Dulskiej
87%
In The Desert And In Wildness W Pustyni i w Puszczy
87%
Johnnie the Musician Janko muzykant
83%
Early Spring Przedwiośnie
80%
Promised Land Ziemia obiecana
77%
Where Are You Going? Quo Vadis
73%
Old People Part II Dziady część II
70%
Not Divine Comedy Nie-Boska komedia
70%
The Flooding Potop
70%
Make In Time Before Mr. God Zdążyć przed Panem Bogiem
70%
The Border Granica
67%
Stones for Protection Wall Kamienie na szaniec
67%
Homeless Poeple Ludzie bezdomni
67%
Sisyphean Labors Syzyfowe prace
57%
Briefing of Greek Deputies Odprawa posłów greckich
53%
Shoemakers Szewcy
53%
Teutonic Knights Krzyżacy
50%
Peasants Chłopi
47%
Ashes Popioły
43%
Vengeance Zemsta
30%
The Ravens And Crows Will Peck Us Apart Rozdziobią nas kruki i wrony
27%
Glory to the Vanquished Gloria Victis
23%
Nie znaleziono quizów pasujących do podanych kryteriów
Rozkład punktacji
Procent ludzi z każdym wynikiem
Percentyl według liczby udzielonych odpowiedzi
Twoja historia wyników
Nie rozwiązałeś tego quizu